000 01385nam a22002777a 4500
001 7428
003 FISKH
005 20250715091848.0
008 250715b cb ||||| |||| 00| 0 eng d
020 _a9789833435302
040 _aFISKH
_beng
_cFISKH
_dFISKH173.9
050 _aPZ7
082 _a173.9
100 _aShilpi
245 _aThe Midas touch : Scholar's popular fairy tales /
_cEdited by Shilpi & Deepti
260 _aKuala Lampur :
_bScholar's Publications,
_c2010.
300 _a16 pages :
_bcolor illustrations ;
_c28 cm
505 _aJ
520 _aThe Midas Touch is a retelling of the classic Greek myth about King Midas, a wealthy but greedy man who wishes that everything he touches would turn to gold. At first, Midas is thrilled with his newfound power. He turns flowers, furniture, and even food into shining gold. But soon, he realizes the curse of his wish—he cannot eat, drink, or hug his daughter without turning her to gold. The story teaches a powerful lesson about greed, gratitude, and the true value of life. Midas ultimately begs for the gift to be taken away, learning that riches mean nothing without love, joy, and human connection.
521 8 _a500
_bLexile estimate
521 8 _aJ
_bRaz-Plus
650 _aMoral Story
_vGreed
_xCharacter Building
700 _aDeepti
_eAuthor
942 _2ddc
_cBK
_n0
999 _c7428
_d7428